| 000 | 00969nam a22002777a 4500 | ||
|---|---|---|---|
| 003 | DO-SdBNP | ||
| 005 | 20250606113405.0 | ||
| 007 | ta | ||
| 008 | 220505b2022 |||||||| |||| 001 0 spa d | ||
| 020 | _a9789945615708 | ||
| 040 |
_aDO-SdBNP _bspa _cBNPHU |
||
| 082 | 4 |
_a372.241 _bC691 _222 |
|
| 245 | 1 | 0 |
_aColección primer grado : _blibro de las maestras y maestros / _cilus. William Estany Vázquez |
| 260 |
_aSanto Domingo : _bFe y Alegría, _c2022. |
||
| 300 |
_a183 p. : _bil.; _c28 cm |
||
| 490 | 0 | _aFe y Alegría | |
| 500 | _aPrograma de Atención Integral de Calidad a la Primara Infancia ( AICPI). | ||
| 500 | _a2da. Parte maetras y maestros. | ||
| 500 | _aSegunda planificación. | ||
| 500 | _aGuía didáctica para maestras y maestros, | ||
| 590 | _aInventariado, 2022 / SA | ||
| 650 | 0 |
_aEducación primaria _zRepública Dominicana _91420 _2LEMB |
|
| 700 | 1 |
_980689 _aVázquez, William Estany _eilustrador |
|
| 910 | _aSaquino | ||
| 942 |
_2ddc _cLBS1 |
||
| 999 |
_c51646 _d51646 |
||